000 00309nam a2200133Ia 4500
005 20260326235445.0
008 260326s9999||||xx |||||||||||||| ||und||
100 _aMcQuaid, Matilda
245 0 _aShigeru Ban /
_cMatilda McQuaid
260 _bPhaidon
300 _a240 p.
650 _aARQUITECTOS
942 _cBK
999 _c7558
_d7558